ՀՀ Գիտությունների ազգային ակադեմիայի հիմնարար գիտական գրադարան  =   Fundamental Scientific Library of NAS RA

Москва - Чоп : (Record no. 526279)

MARC details
000 -LEADER
fixed length control field 01003nam a2200241 a 4500
003 - CONTROL NUMBER IDENTIFIER
control field AM-YEHGA
001 - CONTROL NUMBER
control field 1448814
005 - DATE AND TIME OF LATEST TRANSACTION
control field 20250617164604.0
008 - FIXED-LENGTH DATA ELEMENTS--GENERAL INFORMATION
fixed length control field 190201s1962 ru a||||r|||||000|0|rus||
040 ## - CATALOGING SOURCE
Original cataloging agency AM-YeHGA
041 0# - LANGUAGE CODE
Language code of text/sound track or separate title rus
090 ## - LOCALLY ASSIGNED LC-TYPE CALL NUMBER (OCLC); LOCAL CALL NUMBER (RLIN)
-- 563864
245 00 - TITLE STATEMENT
Title Москва - Чоп :
Statement of responsibility, etc. Железно-дорожный путеводитель /
Remainder of title [Авт. : В.В. Алексеев, А.О. Добронравова и др.].
260 ## - PUBLICATION, DISTRIBUTION, ETC.
Place of publication, distribution, etc. Москва :
Name of publisher, distributor, etc. Трансжелдориздат,
Date of publication, distribution, etc. 1962.
300 ## - PHYSICAL DESCRIPTION
Extent 152 с. :
Other physical details ил., карт. ;
Dimensions 20 см.
500 ## - GENERAL NOTE
General note Авт. разделов : Алексеев В.В., Добронравова и др.
650 14 - SUBJECT ADDED ENTRY--TOPICAL TERM
Topical term or geographic name entry element География
Geographic subdivision Россия
650 14 - SUBJECT ADDED ENTRY--TOPICAL TERM
Topical term or geographic name entry element Железные дороги
Form subdivision Путеводители
Geographic subdivision Европейская часть СССР
651 #4 - SUBJECT ADDED ENTRY--GEOGRAPHIC NAME
Geographic name Москва-Чоп
Form subdivision Путеводители
700 1# - ADDED ENTRY--PERSONAL NAME
Personal name Добронравова, А. О.
700 1# - ADDED ENTRY--PERSONAL NAME
Personal name Алексеев, В. В
942 ## - ADDED ENTRY ELEMENTS (KOHA)
Source of classification or shelving scheme Universal Decimal Classification
Koha item type Գրքեր / Books
Holdings
Withdrawn status Lost status Damaged status Not for loan Collection Home library Current library Date acquired Total checkouts Full call number Barcode Date last seen Price effective from Koha item type Public note
        General Fundamental Scientific Library Fundamental Scientific Library 26/10/2022   РII/73630 FL0671353 26/10/2022 26/10/2022 Գրքեր / Books 30 Days Loan


ՀՀ ԳԱԱ հիմնարար գիտական գրադարան
ՀՀ,Երևան 0019
Մարշալ Բաղրամյան 24/6
հեռախոս:(374-10) 52-47-50
Հետադարձ կապ

All site content, except where otherwise noted, is licensed under a
Creative Commons License